Motivácia v zdieľanej ekonomike
Proces motivácie. Teória potrieb. Fenomén zdieľanej ekonomiky. Transakcie zdieľanej ekonomiky. Percentuálne zvýšenie príjmov prostredmíctvom zdieľanej ekonomiky. Aktivácia mŕtveho kapitálu a neaktívnych ľudí na pracovnom trhu.
Salvato in:
| Autore principale: | |
|---|---|
| Altri autori: | |
| Natura: | Capitolo di libro |
| Lingua: | slovacco |
| Soggetti: | |
| Tags: |
Nessun Tag, puoi essere il primo ad aggiungerne!!
|
MARC
| LEADER | 00000naa$a2200000$$$4500 | ||
|---|---|---|---|
| 001 | 0224782 | ||
| 005 | 20240502073700.8 | ||
| 041 | 0 | |a slo | |
| 044 | |a SK | ||
| 245 | 1 | 0 | |a Motivácia v zdieľanej ekonomike |c Marcela Galovská, Nadežda Jankelová |
| 520 | |a Proces motivácie. Teória potrieb. Fenomén zdieľanej ekonomiky. Transakcie zdieľanej ekonomiky. Percentuálne zvýšenie príjmov prostredmíctvom zdieľanej ekonomiky. Aktivácia mŕtveho kapitálu a neaktívnych ľudí na pracovnom trhu. | ||
| 610 | 2 | 0 | |a ekonomika zdieľaná |
| 610 | 2 | 0 | |a doprava |
| 610 | 2 | 0 | |a reštaurácie |
| 610 | 2 | 0 | |a ubytovanie |
| 610 | 2 | 0 | |a služby |
| 610 | 2 | 0 | |a médiá |
| 610 | 2 | 0 | |a maloobchod |
| 610 | 2 | 0 | |a motivácia |
| 610 | 2 | 0 | |a miesta pracovné |
| 610 | 2 | 0 | |a príjmy |
| 610 | 2 | 0 | |a nezamestnanosť |
| 100 | 1 | |a Galovská, Marcela | |
| 700 | 1 | |a Jankelová, Nadežda, 1966- | |